A revised regulatory framework for social housing in England from April 2012 (Record no. 112971)

MARC details
000 -LEADER
fixed length control field 01378cad a22002055a 4500
001 - CONTROL NUMBER
control field L154396
008 - FIXED-LENGTH DATA ELEMENTS--GENERAL INFORMATION
fixed length control field 111124s2011 xxk f 000 0 eng d
035 ## - SYSTEM CONTROL NUMBER
System control number (Sirsi) u154396
041 0# - LANGUAGE CODE
Language code of text/sound track or separate title eng
110 2# - MAIN ENTRY--CORPORATE NAME
Corporate name or jurisdiction name as entry element Tenant Services Authority
9 (RLIN) 5662
245 02 - TITLE STATEMENT
Title A revised regulatory framework for social housing in England from April 2012
Remainder of title a statutory consultation
Medium [electronic resource]
260 ## - PUBLICATION, DISTRIBUTION, ETC.
Place of publication, distribution, etc. London
Name of publisher, distributor, etc. Tenant Services Authority
Date of publication, distribution, etc. 2011
520 ## - SUMMARY, ETC.
Summary, etc. Sets out proposals for revising regulatory standards for social housing providers. From April 2012, the regulator will have a backstop role in consumer matters limited to setting the service delivery standards and acting only where it considers there is risk of serious detriment to tenants. The principal role in scrutinising landlord services and intervening where consumer standards are not met will fall to tenants? panels, MPs and elected councillors. A new independent regulation committee in the Homes and Communities Agency, takes over responsibility for the regulatory function in April 2012.
520 ## - SUMMARY, ETC.
Summary, etc. Consultation closes 10 February 2012.
590 ## - LOCAL NOTE (RLIN)
Local note KA
650 24 - SUBJECT ADDED ENTRY--TOPICAL TERM
Topical term or geographic name entry element LOCALISM ACT 2011
651 #4 - SUBJECT ADDED ENTRY--GEOGRAPHIC NAME
Geographic name England
Chronological subdivision 886-
856 40 - ELECTRONIC LOCATION AND ACCESS
Uniform Resource Identifier <a href="https://www.tenantservicesauthority.org/upload/pdf/statutory_consultation_20111121122417.pdf">https://www.tenantservicesauthority.org/upload/pdf/statutory_consultation_20111121122417.pdf</a>
Public note View the item free of charge at www.tenantservicesauthority.org
942 ## - ADDED ENTRY ELEMENTS (KOHA)
Suppress in OPAC 0
Holdings
Withdrawn status Lost status Source of classification or shelving scheme Damaged status Not for loan Home library Current library Shelving location Date acquired Total Checkouts Full call number Barcode Date last seen Copy number Price effective from Koha item type
    Dewey Decimal Classification     Virtual Virtual Online 24/11/2011   ONLINE PUBLICATION 154396-2001 06/08/2019 1 06/08/2019 Book